Watt /

Salvato in:
Dettagli Bibliografici
Autore principale: Beckett, Samuel (autor)
Altri autori: Bosch, Andrés (traducción) (traducción)
Natura: Libro
Lingua:spagnolo
Pubblicazione: Barcelona, España : Lumen, 1970, c1970
Serie:(Ediciones de Bolsillo ; 380)
Soggetti:
Tags: Aggiungi Tag
Nessun Tag, puoi essere il primo ad aggiungerne!!

MARC

LEADER 00000nam^a2200000^a^4500
001 000312556
005 20250521000000.0
009 20260310113118.85
020 |a 84-264-4380-X 
025 |a Donación sin dato, 1 ejemplar 
037 |a Acervo ITESO - Biblioteca 
041 |a ESP 
082 |a 823.  |b BEC 
100 |a Beckett, Samuel  |e (autor) 
245 1 0 |a Watt /  |c S. Beckett ; tr. por A. Bosch. 
264 4 |a Barcelona, España :  |b Lumen,  |c 1970, c1970 
300 |a 280 p. 
336 |a texto  |b txt  |2 rdacontenido 
337 |a sin mediación  |b n  |2 rdamedio 
338 |a volumen  |b nc  |2 rdasoporte 
440 1 |a (Ediciones de Bolsillo ;  |v 380) 
500 |a Traducción de: Watt 
545 0 |a Samuel Beckett (1906-1989), poeta, dramaturgo, novelista y crítico literario irlandés. Sus primeros escritos fueron en inglés, pero a partir de 1945, en francés, después de haber fijado su residencia en Francia. En 1969 obtiene el Premio Nobel de Literatura. Se le considera, junto con Eugène Ionesco, uno de los iniciadores del teatro del absurdo. Su escritura abandona el lenguaje realista y tradicional por uno experimental, donde sus personajes revelan la soledad, lo pesimista y patético de la condición humana en la sociedad moderna, cargado con un humorismo trágico. Entre sus novelas se encuentran Murphy (1938), Watt (1945), Molly (1951), Malone muere (1951), El innombrable (1953); en teatro, Esperando a Godot (1952), Los días felices (1961); en poesía Colección de poemas en inglés y francés (1977); en ensayo, Proust (1931), entre otros. 
649 |a XX 
650 |a Novela Irlandesa 
650 |a Literatura Irlandesa -  |y Siglo XX 
650 |a Literatura en Inglés -  |z Irlanda 
700 |a Bosch, Andrés  |e (traducción) 
910 |a Fondo General 
920 |a Impresos - Libros 
930 |a Colección General 
940 |a Literatura 
905 |a 101 
901 |a 0500199202  |b IT1  |c LIT  |i D  |u 20250521 
902 |a https://opac.biblio.iteso.mx/vufind/Record/000312556